| 000 | 01088cam a2200373L 4500 | ||
|---|---|---|---|
| 001 | 96307 | ||
| 005 | 20230410142343.0 | ||
| 008 | 091213s1964 nyu 000 u eng d | ||
| 035 | _a(OCoLC)ocn488385123 | ||
| 040 |
_aDKDLA _bdan _cDKDLA |
||
| 020 | _a0393002551 | ||
| 020 | _a9780393002553 | ||
| 029 | 0 |
_aDKDLA _b18631886 |
|
| 035 | _a(OCoLC)488385123 | ||
| 050 | 1 | 4 |
_aBX 1735 _bR845s 1964 |
| 082 | 0 | 0 | _a272.20946 |
| 049 | _aGRAL | ||
| 100 | 1 | _aRoth, Cecil. | |
| 245 | 1 | 4 |
_aThe Spanish Inquisition / _cCecil Roth. |
| 250 | _aReiss , 1996 | ||
| 260 |
_aNew York : _bW.W. Norton & Company, _c1964. |
||
| 300 |
_a316 p. : _bill. ; 20 cm. |
||
| 490 | 1 |
_aThe Norton library. History ; _v255 |
|
| 500 | _a"First published as a Norton paperback 1964; reissued 1996"--T.p. verso. | ||
| 650 | 4 |
_aInquisición _zEspaña. |
|
| 650 | 4 |
_aInquisición _xHistoria. |
|
| 650 | 0 |
_aInquisition _zSpain. |
|
| 650 | 0 |
_aJews _zSpain. |
|
| 650 | 0 |
_aJews _xPersecutions. |
|
| 830 | 4 |
_aThe Norton library. _pHistory ; _v255. |
|
| 942 |
_2lcc _cbk |
||
| 946 | _amjcruz | ||
| 994 |
_aC0 _bDRFGD |
||
| 999 |
_c94132 _d94132 |
||